000 00434cam a22001815a 4500
999 _c110483
_d110483
001 L149394
008 100301s xxk f 000 0 eng d
020 _a9781847035424
035 _a(Sirsi) u149394
041 0 _aeng
050 _a346.41043462
100 1 _aWebber, Gary
245 0 0 _aBusiness premises possession and lease renewals
250 _a4th ed.
350 _a95.00
651 4 _aENGLAND AND WALES
942 _n0
_2ddc